00318nam a2200121Ia 4500008004100000082001200041100001500053245003700068250000800105260002900113300000800142650004600150191201s2017 xx 000 0 und d a572 SIP aSINGH, S.P 0aPractical Manual of Biochemistry a8th bCBS PubaNew Delhic2017 a192 aApplied Biochemistry & Clinical Chemistry